Регионална библиотека "Любен Каравелов" - Русе

Мозайката на Парсифал (Запис номер 1746)

MARC детайли
000 -Лидер
Контролно поле с фиксирана дължина 01491nam a2200349 a 4500
003 - Код на организацията, давaща контролен номер
Контролно поле BLK
005 - Дата и час на последна редакция
Контролно поле 20240608100135.0
008 - Елементи от данни с фиксирана дължина
fixed length control field 180412b bul|||||r ||||||| ||bul||
010 ## - Наследен системен номер
LC control number KNG00002638000
040 ## - Източник на каталожния запис
Идентификатор на билиотеката - собственик на записа BLK
041 ## - Код за език
Код за езика на текст/звукозапис или на отделно заглавие Български
Код за езика КДБФ Български
080 ## - УДК
Текстов определител УДК Американска литература (на САЩ)
УДК код - определител по УДК 821.111(73)
УДК определител -312.4
УДК - код + определител 821.111(73)-312.4
100 1# - Редна дума - Автор
Автор Лъдлъм, Робърт
Авторска отговорност първи автор
R(LIN) 241671
139 ## - Редно поле
Редна дума Лъдлъм, Робърт
Авторски знак Лъв - Л 93
245 10 - Сведения за заглавието
Заглавие Мозайката на Парсифал
Подзаглавни данни Роман : Кн. 1-
Редно поле (дума) Робърт Лъдлъм; прев. от англ. Иван Василев Златарски.
Том Кн. 2
257 ## - Страна на издаване
Страна на създаване/издаване Съединени американски щати
260 ## - Област на издателските данни
Място на издаване, разпространение и проч. [Варна]
Име на издателя, разпространителя и проч. Бард
Година на издаване 1993 -
Печатница Хасково : Полиграфюг
300 ## - Физическа характеристика
Размери/Мащаб 20 см
Страници 576 с.
380 ## - Жанр
Жанр Худож. лит.
500 ## - Общи забележки
Забележка Ориг. загл. The Parsifal Mosaic / Robert Ludlum. - Офс. изд.
653 ## - Ключова дума – ненормативна
Ключова дума трилъри
653 ## - Ключова дума – ненормативна
Ключова дума романи
700 1# - Други автори (авторска отговорност)
Лично име Златарски, Иван Василев
Дати, свързани с автора 1948-
Друга информация Преводач от английски език (художествена литература), инженер
9 (RLIN) 242826
760 1# - Описание на основната серия
Редна дума на основното описание Лъдлъм, Робърт
Място на издаване, издател и година 1993
Страници - том 576 с.
Заглавие Кн. 2
852 ## - Местоположение
Форматна сигнатура Цб 171467
Фондова буква Хранилище
856 4# - Електронен адрес и достъп
Електронен формат pdf - файл
Път до файла /url/
Инструкция (цена за достъп) 0.00
Права за достъп disable
856 4# - Електронен адрес и достъп
Електронен формат pdf - файл
Път до файла /url/
Инструкция (цена за достъп) 0.00
Права за достъп disable
999 ## - СИСТЕМНИ КОНТРОЛНИ НОМЕРА
Koha biblionumber 1746
Koha biblioitemnumber 1746
942 ## - АРТИКУЛИ
Вид на библиотечния материал Книги
Скрит в OPAC Не
Koha issues (borrowed), all copies 18
Периодичен библиозапис Да
944 ## - СЪЗДАВАНЕ И РЕДАКЦИЯ на ЗАПИСА
Създаване/Редакция Създаване
Дата на регистрацията/редакция 15.01.2003
Статус, дата на статуса Галина Якимова
Служител, извършил регистрацията/редакцията 30564
944 ## - СЪЗДАВАНЕ И РЕДАКЦИЯ на ЗАПИСА
Създаване/Редакция Редакция
Дата на регистрацията/редакция 02.08.2011
Статус, дата на статуса ф /
999 ## - СИСТЕМНИ КОНТРОЛНИ НОМЕРА
Koha biblioitemnumber 1746
Наличности
Код за отписване Код за изгубен артикул Източник на класификационната схема Код за повреда Коз за рестрикции Код за отдаване Артикулен № Име на библиотеката - собственик Име на библиотеката, в която се намира в момента Статус (Текущо местоположение) Дата на вписване в системата Местоположение - отдел Цена в лева Инвентарен номер Систематично азбучна сигнатура Баркод Номер на екземпляра Цена в евро Служебна бележка Служебен тип на артикула
  Не е изгубен Universal Decimal Classification Не е повреден без рестрикции заемане за дома 3355 Регионална библиотека "Любен Каравелов" Русе Регионална библиотека "Любен Каравелов" Русе Заемна - подръчен фонд 2005-04-20 Заемна - подръчен фонд 4.50 120000693312 П 821-31/Л 93 120000693312 1 2.30 Дост: Pk Вид: Ф N: 1 Дата: 20.04.2005 Дата инв: 13.02.2018 Бележки инв: П2018 Книги
Изтеглен Не е изгубен Universal Decimal Classification Не е повреден без рестрикции заемане за дома 3356 Регионална библиотека "Любен Каравелов" Русе Регионална библиотека "Любен Каравелов" Русе Заемна - подръчен фонд 1993-01-01 Заемна - подръчен фонд 2.59 580191 П 820(73)-31/Л 93 580191 2 1.32 Дост: Pk Вид: Ф N: стар фонд Дата: 01.01.1993 Книги
  Не е изгубен Universal Decimal Classification Не е повреден без рестрикции ползва се в читалня 3357 Регионална библиотека "Любен Каравелов" Русе Регионална библиотека "Любен Каравелов" Русе Хранилище 1993-01-01 Хранилище 1.30 582066 Цб 171467 120000582066 3 0.66 Дост: Dp Вид: Д N: стар фонд Дата: 01.01.1993 Книги
Изтеглен Не е изгубен   Не е повреден без рестрикции заемане за дома 3358 Регионална библиотека "Любен Каравелов" Русе Регионална библиотека "Любен Каравелов" Русе Заемна - подръчен фонд 2011-07-21 Заемна - подръчен фонд 4.50 120000752169 П 820(73)-31/Л 93 120000752169 4 2.30 Дост: DA Вид: А N: 12 Дата: 21.07.2011 Дата инв: 19.02.2018 Бележки инв: П2018 Книги
Vip Innovations Ltd, Rousse, Bulgaria 2025